[Event "Peristeri op"]
[Site "Peristeri"]
[Date "2015.01.04"]
[Round "3"]
[White "Girvalakis, Spyridon"]
[Black "Arvanitis, Georgios"]
[Result "1-0"]
[WhiteElo "1959"]
[BlackElo "1731"]
[PlyCount "35"]
[EventDate "2015.01.02"]
[EventType "swiss"]
[EventRounds "7"]
[EventCountry "GRE"]
[SourceTitle "EXT 2016"]
[Source "ChessBase"]
[SourceDate "2015.10.08"]
[SourceVersion "1"]
[SourceVersionDate "2015.10.08"]
[SourceQuality "1"]

1. e4 e6 2. d4 d5 3. Nd2 Nf6 4. e5 Nfd7 5. c3 c5 6. Bd3 Nc6 7. Ndf3 cxd4 8. cxd4 Be7 9. Ne2 0-0 10. Nf4 b5 11. Qc2 Bb4+ 12. Kf1 Qb6 13. Bxh7+ Kh8 14. Be3 Ba6 15. Ng5 Nxd4 16. Qd1 Be7 17. Bxd4 b4+ 18. Bd3 1-0

[Event "Peristeri op"]
[Site "Peristeri"]
[Date "2015.01.02"]
[Round "1"]
[White "Katopodis, Dimitrios"]
[Black "Arvanitis, Georgios"]
[Result "1-0"]
[WhiteElo "2098"]
[BlackElo "1731"]
[PlyCount "53"]
[EventDate "2015.01.02"]
[EventType "swiss"]
[EventRounds "7"]
[EventCountry "GRE"]
[SourceTitle "EXT 2016"]
[Source "ChessBase"]
[SourceDate "2015.10.08"]
[SourceVersion "1"]
[SourceVersionDate "2015.10.08"]
[SourceQuality "1"]

1. d4 Nf6 2. Nf3 e6 3. c4 d5 4. g3 c5 5. cxd5 exd5 6. Bg2 cxd4 7. 0-0 Be7 8. Nxd4 0-0 9. Nc3 Nc6 10. Be3 Ne5 11. Bf4 Ng6 12. Bg5 Qb6 13. Qd2 h6 14. Be3 Qd8 15. Rfd1 Ne5 16. Qc2 Be6 17. Bf4 Nc6 18. Nxe6 fxe6 19. Bh3 Kf7 20. e4 Nb4 21. Qb3 g5 22. Be5 Qa5 23. Bxf6 Bxf6 24. exd5 Kg7 25. Bxe6 Qb6 26. a3 Bxc3 27. Qxc3+ 1-0

[Event "Athens op 09"]
[Site "Athens"]
[Date "2011.09.17"]
[Round "2"]
[White "Arvanitis, Georgios"]
[Black "Delithanasis, Dimitrios"]
[Result "0-1"]
[WhiteElo "1804"]
[BlackElo "2137"]
[PlyCount "79"]
[EventDate "2011.09.10"]
[EventType "swiss"]
[EventRounds "7"]
[EventCountry "GRE"]
[SourceTitle "CBM 144 Extra"]
[Source "ChessBase"]
[SourceDate "2011.10.28"]
[SourceVersion "1"]
[SourceVersionDate "2011.10.28"]
[SourceQuality "1"]

1. e4 e5 2. Nf3 Nc6 3. Bb5 g6 4. c3 a6 5. Ba4 d6 6. d3 Bg7 7. 0-0 Nge7 8. Ne1 d5 9. Qe2 0-0 10. f4 dxe4 11. dxe4 Be6 12. Nf3 Qc8 13. Be3 exf4 14. Bxf4 h6 15. Nbd2 g5 16. Be3 b5 17. Bb3 Ng6 18. Bxe6 Qxe6 19. Bxg5 f5 20. Rae1 f4 21. a3 Qg4 22. Qd3 Kh7 23. h3 Qh5 24. Qd5 Nce5 25. Nxe5 Nxe5 26. Bxf4 c6 27. Qd6 Rad8 28. Qe6 Rxf4 29. Rxf4 Rxd2 30. Qf5+ Qg6 31. Qxg6+ Kxg6 32. Rb1 h5 33. Rff1 Bh6 34. Rfd1 Be3+ 35. Kh2 Rc2 36. Kh1 Kg5 37. Rf1 Bf4 38. g3 Bxg3 39. Rf8 Kh4 40. Rf5 0-1

[Event "Ambelokipi op 111th"]
[Site "Athens"]
[Date "2011.03.30"]
[Round "6"]
[White "Arvanitis, Georgios"]
[Black "Delithanasis, Dimitrios"]
[Result "0-1"]
[WhiteElo "1804"]
[BlackElo "2202"]
[PlyCount "54"]
[EventDate "2011.03.12"]
[EventType "swiss"]
[EventRounds "7"]
[EventCountry "GRE"]
[SourceTitle "EXT 2024"]
[Source "ChessBase"]
[SourceDate "2023.10.10"]
[SourceVersion "1"]
[SourceVersionDate "2023.10.10"]
[SourceQuality "1"]

1. e4 g6 2. d4 Bg7 3. Nc3 d6 4. f4 a6 5. Nf3 b5 6. Be2 Bb7 7. a3 Nd7 8. 0-0 c5 9. f5 cxd4 10. fxg6 hxg6 11. Nd5 Ngf6 12. Nxf6+ Nxf6 13. Ng5 0-0 14. Bd3 Qd7 15. Qe1 Nh7 16. Nxh7 Kxh7 17. Qh4+ Kg8 18. Rf3 f5 19. Rh3 Rf6 20. Qh7+ Kf7 21. Bh6 Rg8 22. exf5 gxf5 23. Rg3 Rxh6 24. Rxg7+ Rxg7 25. Qxh6 Qc6 26. Qh5+ Kg8 27. Qh3 Qxg2+ 0-1

[Event "Ambelokipi op 107th"]
[Site "Athens"]
[Date "2010.09.22"]
[Round "4"]
[White "Arvanitis, Georgios"]
[Black "Kostopoulos, Vasilios"]
[Result "0-1"]
[WhiteElo "1788"]
[BlackElo "2052"]
[PlyCount "78"]
[EventDate "2010.09.11"]
[EventType "swiss"]
[EventRounds "7"]
[EventCountry "GRE"]
[SourceTitle "EXT 2024"]
[Source "ChessBase"]
[SourceDate "2023.10.10"]
[SourceVersion "1"]
[SourceVersionDate "2023.10.10"]
[SourceQuality "1"]

1. e4 d6 2. d4 Nf6 3. Nc3 g6 4. f4 Bg7 5. Nf3 c5 6. d5 0-0 7. Be2 b5 8. e5 dxe5 9. fxe5 Ng4 10. Bxb5 Nxe5 11. Nxe5 Bxe5 12. Bh6 Bg7 13. Bxg7 Kxg7 14. Qd2 Ba6 15. Bxa6 Nxa6 16. Ne4 Qc7 17. 0-0 Qe5 18. Nc3 Qd4+ 19. Qxd4+ cxd4 20. Nb5 Nb4 21. Nxd4 Nxd5 22. Rfe1 Rfc8 23. Rad1 e6 24. Re4 Rab8 25. Rf1 Rxb2 26. c4 Nb6 27. Ref4 Rc7 28. Nb5 Rd7 29. a4 Nxa4 30. Ra1 Nc5 31. h3 a6 32. Nc3 Rdd2 33. Ra5 Rxg2+ 34. Kf1 Rh2 35. Kg1 Rbg2+ 36. Kf1 Rc2 37. Kg1 Nd3 38. Rf3 Rhg2+ 39. Kh1 Rgf2 0-1

[Event "Ambelokipi op 107th"]
[Site "Athens"]
[Date "2010.09.15"]
[Round "2"]
[White "Kesoglou, Konstantinos"]
[Black "Arvanitis, Georgios"]
[Result "1-0"]
[WhiteElo "2090"]
[BlackElo "1788"]
[PlyCount "67"]
[EventDate "2010.09.11"]
[EventType "swiss"]
[EventRounds "7"]
[EventCountry "GRE"]
[SourceTitle "EXT 2024"]
[Source "ChessBase"]
[SourceDate "2023.10.10"]
[SourceVersion "1"]
[SourceVersionDate "2023.10.10"]
[SourceQuality "1"]

1. d4 Nf6 2. c4 g6 3. Nc3 Bg7 4. e4 d6 5. Be2 0-0 6. Bg5 Nbd7 7. f4 c5 8. d5 Qc7 9. Nf3 h6 10. Bh4 Ng4 11. Qd2 a6 12. 0-0 Ngf6 13. Rad1 b6 14. Rfe1 Bb7 15. Bf1 Rae8 16. e5 Nh7 17. e6 fxe6 18. Rxe6 Ndf6 19. Bd3 Bc8 20. Re2 Bf5 21. Bxf5 gxf5 22. Rde1 Kh8 23. Bf2 Ng4 24. Nh4 Rf7 25. Bg3 Bd4+ 26. Kh1 Rg8 27. Qc2 Qd7 28. Re6 Nhf6 29. Nxf5 Re8 30. h3 Nh5 31. Bh4 Bf2 32. hxg4 Bxh4 33. Nxh4 Nf6 34. g5 1-0

[Event "Ambelokipi op 81st"]
[Site "Athens"]
[Date "2007.10.06"]
[Round "1"]
[White "Arvanitis, Georgios"]
[Black "Kostopoulos, Evaggelos"]
[Result "1/2-1/2"]
[WhiteElo "1639"]
[BlackElo "2141"]
[PlyCount "82"]
[EventDate "2007.10.06"]
[EventType "swiss"]
[EventRounds "6"]
[EventCountry "GRE"]
[SourceTitle "EXT 2008"]
[Source "ChessBase"]
[SourceDate "2007.11.25"]
[SourceVersion "1"]
[SourceVersionDate "2007.11.25"]
[SourceQuality "1"]

1. e4 c5 2. Nf3 d6 3. d4 cxd4 4. Nxd4 Nf6 5. Nc3 a6 6. Be2 e5 7. Nb3 Be6 8. Bg5 Be7 9. Bxf6 Bxf6 10. Nd5 Bg5 11. Bg4 0-0 12. 0-0 Nc6 13. c3 Ne7 14. Bxe6 fxe6 15. Nxe7+ Bxe7 16. Nd2 Qb6 17. Qb3 Qxb3 18. Nxb3 Rfc8 19. Rfd1 b5 20. Nd2 Rab8 21. Rac1 Rc6 22. Nf3 Rbc8 23. Rd3 b4 24. Kf1 bxc3 25. Rdxc3 Rxc3 26. Rxc3 Rxc3 27. bxc3 Kf7 28. Ke2 Ke8 29. c4 Kd7 30. Kd3 Kc6 31. Nd2 Kc5 32. Kc3 d5 33. cxd5 exd5 34. exd5 Kxd5 35. f3 Bg5 36. Ne4 Bf4 37. h3 Be3 38. Kd3 Bd4 39. Kc2 Bb6 40. Kd3 Ba5 41. Ng3 Bb6 1/2-1/2

[Event "Ambelokipi op 78th"]
[Site "Athens"]
[Date "2007.05.26"]
[Round "5"]
[White "Arvanitis, Georgios"]
[Black "Michailidis, Dimitrios"]
[Result "0-1"]
[WhiteElo "1610"]
[BlackElo "1972"]
[PlyCount "76"]
[EventDate "2007.05.12"]
[EventType "swiss"]
[EventRounds "7"]
[EventCountry "GRE"]
[SourceTitle "EXT 2008"]
[Source "ChessBase"]
[SourceDate "2007.11.25"]
[SourceVersion "1"]
[SourceVersionDate "2007.11.25"]
[SourceQuality "1"]

1. e4 e5 2. Nf3 Nc6 3. Bb5 Nf6 4. d3 Be7 5. Bxc6 dxc6 6. Nxe5 0-0 7. Nc3 Bd6 8. Nf3 Bg4 9. h3 Bh5 10. g4 Bg6 11. Nh4 Nxe4 12. Nxg6 Nxc3 13. Qd2 Re8+ 14. Kf1 Nd5 15. c4 fxg6 16. cxd5 cxd5 17. b3 Be5 18. Bb2 Qf6 19. Bxe5 Qxe5 20. Kg2 Qe2 21. Qc3 Rf8 22. Qd4 Qf3+ 23. Kg1 Rae8 24. Rh2 b6 25. Rb1 c5 26. Qc3 Re2 27. Rb2 Rxb2 28. Qxb2 Qd1+ 29. Kg2 Qxd3 30. Qe5 Qf3+ 31. Kf1 d4 32. Qe2 d3 33. Qxf3 Rxf3 34. Kg2 Rf7 35. Rh1 b5 36. Rc1 d2 37. Rd1 Rd7 38. Kf1 c4 0-1

[Event "Ambelokipi op 78th"]
[Site "Athens"]
[Date "2007.05.12"]
[Round "1"]
[White "Arvanitis, Georgios"]
[Black "Delithanasis, Dimitrios"]
[Result "0-1"]
[WhiteElo "1610"]
[BlackElo "2239"]
[PlyCount "58"]
[EventDate "2007.05.12"]
[EventType "swiss"]
[EventRounds "7"]
[EventCountry "GRE"]
[SourceTitle "EXT 2008"]
[Source "ChessBase"]
[SourceDate "2007.11.25"]
[SourceVersion "1"]
[SourceVersionDate "2007.11.25"]
[SourceQuality "1"]

1. e4 c5 2. Nf3 d6 3. d4 cxd4 4. Nxd4 Nf6 5. Nc3 a6 6. Be2 e5 7. Nb3 Be7 8. Bg5 Nbd7 9. Bxf6 Nxf6 10. 0-0 0-0 11. Qd3 Be6 12. f4 exf4 13. Rxf4 Nd7 14. Rff1 Ne5 15. Qd1 Nc4 16. Bxc4 Bxc4 17. Rf3 Bf6 18. Kh1 Be5 19. Rb1 Be6 20. Qe1 Rc8 21. Qf2 Bg4 22. Rd3 f5 23. Qd2 Rc4 24. Nd4 Qh4 25. g3 Qh3 26. Ne6 fxe4 27. Nxf8 exd3 28. cxd3 Bf3+ 29. Kg1 Bd4+ 0-1

[Event "Ambelokipi op 77th"]
[Site "Athens"]
[Date "2007.05.05"]
[Round "7"]
[White "Vlahos, Athanasios"]
[Black "Arvanitis, Georgios"]
[Result "1-0"]
[WhiteElo "1972"]
[BlackElo "1610"]
[PlyCount "47"]
[EventDate "2007.04.14"]
[EventType "swiss"]
[EventRounds "7"]
[EventCountry "GRE"]
[SourceTitle "EXT 2008"]
[Source "ChessBase"]
[SourceDate "2007.11.25"]
[SourceVersion "1"]
[SourceVersionDate "2007.11.25"]
[SourceQuality "1"]

1. e4 e5 2. Nf3 Nc6 3. Bb5 a6 4. Ba4 Nf6 5. 0-0 Be7 6. Re1 b5 7. Bb3 0-0 8. h3 d6 9. c3 Na5 10. Bc2 c5 11. d4 Nd7 12. Nbd2 Nc6 13. d5 Na5 14. b4 cxb4 15. cxb4 Nb7 16. a4 Nb6 17. axb5 axb5 18. Rxa8 Nxa8 19. Bd3 Bd7 20. Qe2 Qb6 21. Nb3 Nc7 22. Be3 Nc5 23. bxc5 dxc5 24. Nxe5 1-0

[Event "Ambelokipi op 77th"]
[Site "Athens"]
[Date "2007.05.02"]
[Round "6"]
[White "Arvanitis, Georgios"]
[Black "Panagiotakos, Petros"]
[Result "1-0"]
[WhiteElo "1610"]
[BlackElo "1942"]
[PlyCount "107"]
[EventDate "2007.04.14"]
[EventType "swiss"]
[EventRounds "7"]
[EventCountry "GRE"]
[SourceTitle "EXT 2008"]
[Source "ChessBase"]
[SourceDate "2007.11.25"]
[SourceVersion "1"]
[SourceVersionDate "2007.11.25"]
[SourceQuality "1"]

1. e4 c5 2. Nf3 Nc6 3. d4 cxd4 4. Nxd4 g6 5. Nc3 Bg7 6. Be3 Nf6 7. f3 0-0 8. Qd2 d5 9. e5 Nxe5 10. 0-0-0 Nc6 11. h4 e5 12. Nxc6 bxc6 13. Bg5 Qc7 14. Bxf6 Bxf6 15. g4 Be6 16. g5 Bg7 17. h5 Bf5 18. hxg6 Bxg6 19. Bd3 e4 20. fxe4 Be5 21. Rdf1 d4 22. Ne2 c5 23. b3 a5 24. a4 Qb7 25. Rh4 Qc7 26. Nf4 Bxf4 27. Rhxf4 Qe5 28. Kb1 Rfe8 29. Bc4 Ra7 30. Qf2 Ree7 31. Bd3 Qb8 32. Qe2 Re5 33. Bc4 Rxg5 34. Be6 Qe5 35. Bf5 Re7 36. Qa6 Qc7 37. Qf6 Rg2 38. Qa6 Rg3 39. Qc4 Rc3 40. Qd5 Qb7 41. Qd8+ Kg7 42. Qxa5 c4 43. b4 d3 44. R1f2 dxc2+ 45. Rxc2 Rb3+ 46. Rb2 Qb8 47. Rg4 Re5 48. b5 Qd6 49. Rgg2 Qd3+ 50. Rgc2 Bxf5 51. exf5 Re1+ 52. Qxe1 Qxf5 53. Rxb3 cxb3 54. Qc3+ 1-0

[Event "Ambelokipi op 77th"]
[Site "Athens"]
[Date "2007.04.14"]
[Round "1"]
[White "Delithanasis, Dimitrios"]
[Black "Arvanitis, Georgios"]
[Result "1-0"]
[WhiteElo "2239"]
[BlackElo "1610"]
[PlyCount "83"]
[EventDate "2007.04.14"]
[EventType "swiss"]
[EventRounds "7"]
[EventCountry "GRE"]
[SourceTitle "EXT 2008"]
[Source "ChessBase"]
[SourceDate "2007.11.25"]
[SourceVersion "1"]
[SourceVersionDate "2007.11.25"]
[SourceQuality "1"]

1. e4 e5 2. Nf3 Nc6 3. Nc3 Nf6 4. a3 d6 5. Bb5 Bg4 6. h3 Bh5 7. g4 Bg6 8. d3 a6 9. Ba4 b5 10. Bb3 Na5 11. Ba2 c6 12. Qe2 Be7 13. Bd2 Nb7 14. h4 h5 15. g5 Nd7 16. 0-0-0 a5 17. d4 b4 18. Nb1 Qb6 19. Be3 Qc7 20. Nfd2 d5 21. f3 bxa3 22. bxa3 c5 23. Bxd5 cxd4 24. Bf2 Nbc5 25. Nc4 Rb8 26. Kd2 Nb6 27. Nxb6 Rxb6 28. Qc4 0-0 29. Ke2 Qd6 30. Nd2 Rc8 31. Rb1 Rc7 32. Rxb6 Qxb6 33. Rb1 Qd6 34. Rb8+ Bf8 35. Qb5 Qa6 36. Qxa6 Nxa6 37. Rb6 Nc5 38. Rxg6 Ne6 39. Bxe6 Bxa3 40. Bd5 Bc5 41. Ra6 d3+ 42. cxd3 1-0

[Event "Athens Siaperas Memorial 3rd"]
[Site "Athens"]
[Date "2007.02.10"]
[Round "1"]
[White "Arvanitis, Georgios"]
[Black "Poteas, Ioannis"]
[Result "0-1"]
[WhiteElo "1610"]
[BlackElo "2160"]
[PlyCount "72"]
[EventDate "2007.02.10"]
[EventType "swiss"]
[EventRounds "7"]
[EventCountry "GRE"]
[SourceTitle "EXT 2008"]
[Source "ChessBase"]
[SourceDate "2007.11.25"]
[SourceVersion "1"]
[SourceVersionDate "2007.11.25"]
[SourceQuality "1"]

1. e4 e6 2. d4 d5 3. Nd2 dxe4 4. Nxe4 Nd7 5. Nf3 Be7 6. Bc4 Ngf6 7. Nfg5 Nxe4 8. Nxe4 Nf6 9. Nxf6+ Bxf6 10. c3 0-0 11. 0-0 Bd7 12. a4 Bc6 13. Bf4 Qd7 14. Re1 a6 15. Be5 Bxe5 16. Rxe5 b5 17. Bb3 Rab8 18. axb5 axb5 19. Qg4 Qd6 20. Rg5 g6 21. Bc2 Kg7 22. Re5 Bd5 23. b4 Ra8 24. Ree1 f5 25. Qd1 Qc6 26. Qd3 Bxg2 27. Bb3 Be4 28. Qe3 f4 29. Qd2 Rxa1 30. Rxa1 Rf5 31. d5 exd5 32. Qd4+ Qf6 33. Ra7 Re5 34. Rxc7+ Kh6 35. Rc6 Qg5+ 36. Kf1 Bg2+ 0-1